Największe Miasta Świata - Statystyki

Ogólne statystyki
  • Ten quiz został rozwiązany 368 razy
  • Średni wynik to 10 z 30
Statystyki odpowiedzi
Populacja Miasto % Poprawnych
37 274 000 Tokio
93%
12 640 818 Moskwa
82%
21 333 332 Pekin
80%
15 636 243 Stambuł
60%
32 065 760 Delhi
59%
22 085 140 Meksyk
59%
21 750 020 Kair
50%
11 142 303 Paryż
47%
22 429 800 Sao Paulo
46%
15 369 919 Buenos Aires
44%
11 074 811 Dżakarta
39%
20 961 472 Mumbai
39%
22 478 116 Dhaka
37%
19 059 856 Osaka
35%
15 387 639 Lagos
33%
14 406 059 Manila
30%
11 344 312 Bogota
29%
11 044 607 Lima
24%
13 964 637 Kanton
23%
15 628 085 Kinszasa
18%
28 516 904 Szangaj
18%
16 839 950 Karaczi
13%
15 133 888 Kolkata
12%
16 874 740 Chongqing
11%
12 831 330 Shenzhen
7%
13 193 035 Bangalore
5%
13 541 764 Lahaur
4%
14 011 828 Tiencin
4%
11 503 293 Chennai
3%
13 634 274 Rio De Janeiero
0%
Nie znaleziono quizów pasujących do podanych kryteriów
Rozkład punktacji
Procent ludzi z każdym wynikiem
Percentyl według liczby udzielonych odpowiedzi
Twoja historia wyników
Nie rozwiązałeś tego quizu